The birds of South America / (Registro nro. 782)
[ vista simple ]
| 000 -CABECERA | |
|---|---|
| Campo de control | 01365cam a2200349 a 4500 |
| 005 - FECHA Y HORA DE LA ULTIMA TRANSACCION | |
| Campo de control | 20160104051559.0 |
| 008 - ELEMENTOS DE LONGITUD FIJA—INFORMACION GENERAL | |
| Campo de control | 880804m19899999txuab b s001 0 eng |
| 020 ## - ISBN | |
| ISBN | 0292707568 (v. 1) |
| 020 ## - ISBN | |
| ISBN | 0292770634 (v. 2) |
| 040 ## - FUENTE DE CATALOGACIÓN | |
| Agencia catalogadora original | DLC |
| Agencia transcriptora | DLC |
| Agencia Modificadora | CO-BoAVH |
| 041 ## - IDIOMA | |
| Código de idioma para texto/pista de sonido o título separado | Inglés |
| 044 ## - PAÍS DE PUBLICACIÓN | |
| País de publicación | Estados Unidos |
| 082 04 - NUMERO DE CLASIFICACION DECIMAL DEWEY | |
| Número de clasificación | 598.09 |
| Número del ítem | R54b |
| 100 1# - ASIENTO PRINCIPAL--NOMBRE PERSONAL | |
| Nombre personal | Ridgely, Robert S., |
| Fechas asociadas con el nombre | 1946- |
| 245 14 - MENCION DE TITULO | |
| Título | The birds of South America / |
| Mención de responsabilidad | by Robert S. Ridgely and Guy Tudor with the collaboration of William L. Brown in association with World Wildlife Fund. |
| 250 ## - MENCION DE EDICION | |
| Mención de edición | 1st ed. |
| 260 ## - PUBLICACION, DISTRIBUCION, ETC. (PIE DE IMPRENTA) | |
| Lugar de publicación, distribución, etc. | Austin : |
| Nombre del editor, distribuidor, etc. | University of Texas Press, |
| Fecha de publicación, distribución, etc. | 1989-<1994 > |
| 300 ## - DESCRIPCION FISICA | |
| Extensión | v. <1-2 > : |
| Otros detalles físicos | ilustaciones (algunas a color), mapas ; |
| Dimensiones | 28 x 18 cm. |
| 500 ## - NOTA GENERAL | |
| Nota general | Ill. on lining papers. |
| 504 ## - NOTA DE BIBLIOGRAFIA, ETC. | |
| Nota de bibliografía | Includes bibliographical references and indexes. |
| 505 1# - NOTA DE CONTENIDO | |
| Nota de contenido | v. 1. The oscine passerines -- v. 2. The suboscine passerines. |
| 650 #0 - ASIENTO SECUNDARIO DE MATERIA - TERMINO TEMATICO | |
| Término temático o nombre geográfico como elemento de entrada | Birds |
| Subdivisión geográfica | South America. |
| 650 #4 - ASIENTO SECUNDARIO DE MATERIA - TERMINO TEMATICO | |
| Término temático o nombre geográfico como elemento de entrada | Aves |
| Subdivisión general | Hábitat |
| 650 #4 - ASIENTO SECUNDARIO DE MATERIA - TERMINO TEMATICO | |
| Término temático o nombre geográfico como elemento de entrada | Migración de Aves |
| 650 #4 - ASIENTO SECUNDARIO DE MATERIA - TERMINO TEMATICO | |
| Término temático o nombre geográfico como elemento de entrada | Conservación de Aves |
| 700 1# - ASIENTO SECUNDARIO - NOMBRE PERSONAL | |
| Nombre personal | Tudor, Guy, |
| Fechas asociadas con el nombre | 1934- |
| 700 1# - ASIENTO SECUNDARIO - NOMBRE PERSONAL | |
| Nombre personal | Brown, William L. |
| 710 2# - ASIENTO SECUNDARIO - NOMBRE CORPORATIVO | |
| Nombre corporativo o de jurisdicción como elemento de entrada | World Wildlife Fund (U.S.) |
| 856 42 - LOCALIZACION Y ACCESO ELECTRONICOS | |
| Especificación de los materiales | Publisher description |
| Identificador Uniforme del Recurso | http://www.loc.gov/catdir/description/texas041/88020899.html |
| 906 ## - LOCAL DATA ELEMENT F, LDF (RLIN) | |
| a | 7 |
| b | cbc |
| c | orignew |
| d | 1 |
| e | ocip |
| f | 19 |
| g | y-gencatlg |
| 942 ## - ELEMENTOS ADICIONALES (KOHA) | |
| Sistema de clasificación | Dewey Decimal Classification |
| Tipo de ítem | Libro |
| Withdrawn status | Lost status | Sistema de Clasificación | Damaged status | No para préstamo | Colección | Inventariado | Ubicación Permanente | Ubicación actual | Fecha de adquisición | Fuente de Valor | Valor | Total Checkouts | Número topográfico | Inventario / Código de Barras | Date last seen | Ejemplar | Price effective from | Tipo de material |
|---|---|---|---|---|---|---|---|---|---|---|---|---|---|---|---|---|---|---|
| Dewey Decimal Classification | General | Inventariado 2017 | Bogotá | Bogotá | 09/07/1998 | Instituto | 39000.00 | LB-598.09 R54b | 003304 | 04/12/2012 | V. 1 Ej. 1 | 04/12/2012 | Libro | |||||
| Dewey Decimal Classification | Procesos Técnicos | General | Inventariado 2017 | Bogotá | Bogotá | 09/07/1998 | Instituto | 39000.00 | LB-598.09 R54b | 003305 | 04/12/2012 | V. 2 Ej. 1 | 04/12/2012 | Libro |